Charlie Kellyisms - It's Always Sunny in Philadelphia - Statistics

General Stats
  • This quiz has been taken 1,623 times
  • The average score is 10 of 15
Answer Stats
Hint Answer % Correct
What kind of law does he specialize in? Bird
95%
What is his favorite food? Milk Steak
88%
Janitorial service in Paddy's Pub is referred to as..? Charlie Work
86%
What does he invent because cat's are making "too much noise all the time?" Kitten Mittens
81%
Who does everything in 3's so Charlie doesn't die? His Mom
80%
Who does Charlie think lives behind the door marked "private?" A Pirate
77%
Who does Charlie think should be co-mascot for the Phillies? Greenman
77%
Who did Charlie write "Dayman" for? The Waitress
74%
What does he think a "spa" day is about? Spaghetti
67%
Charlie hates peoples' whats? Knees
66%
High school nick name? Dirt Grub
45%
Who is Charlie "gay for?" God
44%
What does he eat all the time, dude? Stickers
38%
How does he like his jelly beans? Raw
31%
What 3 things does Charlie combine to fall asleep? Catfood, Beer, and Glue
15%
No matching quizzes found
Score Distribution
Percent of People with Each Score
Percentile by Number Answered
Your Score History
You have not taken this quiz